000
00327nam a22001457a 4500
003
OSt
005
20211117162421.0
008
211117b |||||||| |||| 00| 0 eng d
040
_c
HU
100
_a
DOROTHY ZIETZ
_9
19060
245
_a
CHILD WEL FARE
260
_a
NEW YORK
_b
HALL
_c
1959
300
_a
384
942
_2
ddc
_c
BOOKS
_n
0
999
_c
18833
_d
18833